The economics of money, banking, and financial markets and Institutions (Record no. 1342)
[ view plain ]
| 000 -LEADER | |
|---|---|
| fixed length control field | 04370cam a22006372i 4500 |
| 003 - CONTROL NUMBER IDENTIFIER | |
| control field | UkOxU |
| 005 - DATE AND TIME OF LATEST TRANSACTION | |
| control field | 20210625105200.0 |
| 008 - FIXED-LENGTH DATA ELEMENTS--GENERAL INFORMATION | |
| fixed length control field | 110205s2010 xx ob 001 0 eng d |
| 040 ## - CATALOGING SOURCE | |
| Transcribing agency | MERUC |
| 043 ## - GEOGRAPHIC AREA CODE | |
| Geographic area code | ec----- |
| -- | ee----- |
| 049 ## - LOCAL HOLDINGS (OCLC) | |
| Holding library | EQOA |
| 050 #4 - LIBRARY OF CONGRESS CALL NUMBER | |
| Classification number | HG 181 |
| Item number | .M57 2009 |
| 072 #7 - SUBJECT CATEGORY CODE | |
| Subject category code | BUS |
| Subject category code subdivision | 004000 |
| Source | bisacsh |
| 092 ## - LOCALLY ASSIGNED DEWEY CALL NUMBER (OCLC) | |
| Classification number | WMS700707096 |
| 100 ## - MAIN ENTRY--PERSONAL NAME | |
| Personal name | Frederic S Mishkin |
| 245 00 - TITLE STATEMENT | |
| Title | The economics of money, banking, and financial markets and Institutions |
| Statement of responsibility, etc. | Frederic S Mishkin; Stanley G Eakins |
| 250 ## - EDITION STATEMENT | |
| Edition statement | 4th Canadian ed. |
| 260 ## - PUBLICATION, DISTRIBUTION, ETC. | |
| Place of publication, distribution, etc. | Toronto, Ontario |
| Name of publisher, distributor, etc. | Addison Wesley |
| Date of publication, distribution, etc. | 2012 |
| 300 ## - PHYSICAL DESCRIPTION | |
| Extent | 484p |
| 336 ## - CONTENT TYPE | |
| Content type term | text |
| Content type code | txt |
| Source | rdacontent |
| 337 ## - MEDIA TYPE | |
| Media type term | computer |
| Media type code | c |
| Source | rdamedia |
| 338 ## - CARRIER TYPE | |
| Carrier type term | online resource |
| Carrier type code | cr |
| Source | rdacarrier |
| 504 ## - BIBLIOGRAPHY, ETC. NOTE | |
| Bibliography, etc. note | Includes bibliographical references and index. |
| 588 ## - SOURCE OF DESCRIPTION NOTE | |
| Source of description note | Description based on print version record. |
| 650 #0 - SUBJECT ADDED ENTRY--TOPICAL TERM | |
| Topical term or geographic name entry element | Banks and banking |
| Geographic subdivision | Europe, Central |
| General subdivision | History. |
| 650 #0 - SUBJECT ADDED ENTRY--TOPICAL TERM | |
| Topical term or geographic name entry element | Banks and banking |
| Geographic subdivision | Europe, Eastern |
| General subdivision | History. |
| 650 #7 - SUBJECT ADDED ENTRY--TOPICAL TERM | |
| Topical term or geographic name entry element | Banking |
| Geographic subdivision | Central Europe |
| -- | Eastern Europe. |
| Source of heading or term | bicssc |
| 650 #7 - SUBJECT ADDED ENTRY--TOPICAL TERM | |
| Topical term or geographic name entry element | Development economics |
| Geographic subdivision | Central Europe |
| -- | Eastern Europe. |
| Source of heading or term | bicssc |
| 650 #7 - SUBJECT ADDED ENTRY--TOPICAL TERM | |
| Topical term or geographic name entry element | Financial crises & disasters |
| Geographic subdivision | Central Europe |
| -- | Eastern Europe. |
| Source of heading or term | bicssc |
| 650 #7 - SUBJECT ADDED ENTRY--TOPICAL TERM | |
| Topical term or geographic name entry element | BUSINESS & ECONOMICS |
| General subdivision | Banks & Banking. |
| Source of heading or term | bisacsh |
| 650 #7 - SUBJECT ADDED ENTRY--TOPICAL TERM | |
| Topical term or geographic name entry element | Finance and Accounting. |
| Source of heading or term | eflch |
| 650 #7 - SUBJECT ADDED ENTRY--TOPICAL TERM | |
| Topical term or geographic name entry element | Banks and banking. |
| Source of heading or term | fast |
| Authority record control number or standard number | (OCoLC)fst00826867 |
| 650 #7 - SUBJECT ADDED ENTRY--TOPICAL TERM | |
| Topical term or geographic name entry element | Economic history. |
| Source of heading or term | fast |
| Authority record control number or standard number | (OCoLC)fst00901974 |
| 651 #7 - SUBJECT ADDED ENTRY--GEOGRAPHIC NAME | |
| Authority record control number or standard number | (OCoLC)fst01244544 |
| 651 #7 - SUBJECT ADDED ENTRY--GEOGRAPHIC NAME | |
| Authority record control number or standard number | (OCoLC)fst01245079 |
| 655 #7 - INDEX TERM--GENRE/FORM | |
| Authority record control number or standard number | (OCoLC)fst01411628 |
| 700 1# - ADDED ENTRY--PERSONAL NAME | |
| Personal name | Stanley G Eakins |
| 776 08 - ADDITIONAL PHYSICAL FORM ENTRY | |
| Relationship information | Print version: |
| Main entry heading | Matousek, Roman. |
| Title | Money, Banking and Financial Markets in Central and Eastern Europe : 20 Years of Transition. |
| Place, publisher, and date of publication | Basingstoke : Palgrave Macmillan, ©2010 |
| International Standard Book Number | 9780230231689 |
| 856 40 - ELECTRONIC LOCATION AND ACCESS | |
| Uniform Resource Identifier | http://link.springer.com/10.1057/9780230302211 |
| 942 ## - ADDED ENTRY ELEMENTS (KOHA) | |
| Source of classification or shelving scheme | |
| Koha item type | Book |
| Suppress in OPAC | MW |
| Withdrawn status | Lost status | Source of classification or shelving scheme | Damaged status | Not for loan | Permanent Location | Current Location | Shelving location | Date acquired | Total Checkouts | Full call number | Barcode | Date last seen | Price effective from | Koha item type | Public note |
|---|---|---|---|---|---|---|---|---|---|---|---|---|---|---|---|
| AU LIBRARY | AU LIBRARY | Open Shelf | 25.06.2021 | HG 181 .M57 2009 | 28000748 | 25.06.2021 | 25.06.2021 | Book | MW |